C'était ça ou mourir : (Notice n° 18815)

Détails MARC
000 -LEADER
fixed length control field 02212cam a2200481 i 4500
001 - CONTROL NUMBER
control field 0008096679
003 - CONTROL NUMBER IDENTIFIER
control field OSt
005 - DATE AND TIME OF LATEST TRANSACTION
control field 20260331195305.0
008 - FIXED-LENGTH DATA ELEMENTS--GENERAL INFORMATION
fixed length control field 260105s2026 quc 00 f fre
020 ## - INTERNATIONAL STANDARD BOOK NUMBER
International Standard Book Number 9782764629253
040 ## - CATALOGING SOURCE
Original cataloging agency QMBN
Language of cataloging fre
Description conventions rda
Transcribing agency QMBN
050 #4 - LIBRARY OF CONGRESS CALL NUMBER
Classification number PS9629*
082 04 - DEWEY DECIMAL CLASSIFICATION NUMBER
Classification number C848.9
Item number O66c
Edition number 23/fre/202603
Standard or optional designation b
082 04 - DEWEY DECIMAL CLASSIFICATION NUMBER
Classification number 843/.92
Item number O66c
Edition number 23/fre/202603
082 04 - DEWEY DECIMAL CLASSIFICATION NUMBER
Classification number C843/.92
Item number O66c
Edition number 23/fre/202603
Standard or optional designation b
084 ## - OTHER CLASSIFICATION NUMBER
Classification number C848/.92
Item number O66c
Number source z
100 1# - MAIN ENTRY--PERSONAL NAME
Personal name Orélien, Thélyson,
Dates associated with a name 1988-
Relator term auteur
245 10 - TITLE STATEMENT
Title C'était ça ou mourir :
Remainder of title roman /
Statement of responsibility, etc. Thélyson Orélien
264 #1 - PRODUCTION, PUBLICATION, DISTRIBUTION, MANUFACTURE, AND COPYRIGHT NOTICE
Place of production, publication, distribution, manufacture Montrǎl (Qub̌ec) :
Name of producer, publisher, distributor, manufacturer Borǎl,
Date of production, publication, distribution, manufacture, or copyright notice [2026]
300 ## - PHYSICAL DESCRIPTION
Extent 262 pages ;
Dimensions 22 cm
336 ## - CONTENT TYPE
Content type term texte
Content type code txt
Source rdacontent
337 ## - MEDIA TYPE
Media type term sans mďiation
Media type code n
Source rdamedia
338 ## - CARRIER TYPE
Carrier type term volume
Carrier type code nc
Source rdacarrier
490 0# - SERIES STATEMENT
Series statement Roman
650 #6 - SUBJECT ADDED ENTRY--TOPICAL TERM
Topical term or geographic name as entry element Enseignants
Form subdivision Romans, nouvelles, etc.
650 #6 - SUBJECT ADDED ENTRY--TOPICAL TERM
Topical term or geographic name as entry element Hat̐iens
Form subdivision Romans, nouvelles, etc.
650 #6 - SUBJECT ADDED ENTRY--TOPICAL TERM
Topical term or geographic name as entry element Immigrants clandestins
Form subdivision Romans, nouvelles, etc.
650 #6 - SUBJECT ADDED ENTRY--TOPICAL TERM
Topical term or geographic name as entry element Exil
Form subdivision Romans, nouvelles, etc.
650 #6 - SUBJECT ADDED ENTRY--TOPICAL TERM
Topical term or geographic name as entry element Violence
Form subdivision Romans, nouvelles, etc.
650 #6 - SUBJECT ADDED ENTRY--TOPICAL TERM
Topical term or geographic name as entry element Immigrants
General subdivision Intǧration
Form subdivision Romans, nouvelles, etc.
651 #6 - SUBJECT ADDED ENTRY--GEOGRAPHIC NAME
Geographic name Amřique
Form subdivision Romans, nouvelles, etc.
655 #7 - INDEX TERM--GENRE/FORM
Genre/form data or focus term Romans qub̌čois
Chronological subdivision 21e sic̈le
Source of term local
655 #7 - INDEX TERM--GENRE/FORM
Genre/form data or focus term Romans sociaux
Source of term rvmgf
942 ## - ADDED ENTRY ELEMENTS (KOHA)
Source of classification or shelving scheme Dewey Decimal Classification
Koha item type Roman adulte
Exemplaires
Withdrawn status Lost status Source of classification or shelving scheme Damaged status Not for loan Home library Current library Date acquired Total Checkouts Full call number Barcode Date last seen Price effective from Koha item type
    Dewey Decimal Classification     Bibliothèque municipale d'Henryville Bibliothèque municipale d'Henryville 2026-03-31   C848.9 30001030052809 2026-03-31 2026-03-31 Roman adulte